The Workplace: (Record no. 4738)

MARC details
000 -LEADER
fixed length control field 00421nam a22001457a 4500
008 - FIXED-LENGTH DATA ELEMENTS--GENERAL INFORMATION
fixed length control field 161125b xxu||||| |||| 00| 0 eng d
020 ## - INTERNATIONAL STANDARD BOOK NUMBER
International Standard Book Number 978-0-07-829831-8
082 ## - DEWEY DECIMAL CLASSIFICATION NUMBER
Classification number 658.31 PAC
100 ## - MAIN ENTRY--PERSONAL NAME
Personal name Pace, Joe.-
245 ## - TITLE STATEMENT
Title The Workplace:
Remainder of title Chart Your career/
Statement of responsibility, etc. Dr. Joe Pace.-
Medium English.
260 ## - PUBLICATION, DISTRIBUTION, ETC. (IMPRINT)
Place of publication, distribution, etc. Boston:
Name of publisher, distributor, etc. McGraw Hill,
Date of publication, distribution, etc. 2006.
300 ## - PHYSICAL DESCRIPTION
Extent 13.;
Dimensions 28cm.-
650 ## - SUBJECT ADDED ENTRY--TOPICAL TERM
Source of heading or term Elements of Pesonnel Management
942 ## - ADDED ENTRY ELEMENTS (KOHA)
Source of classification or shelving scheme Dewey Decimal Classification
Koha item type BOOKS

No items available.

IRDP © 2021 :: Managed by ICT Team